| 000 | 00375nam a22001577a 4500 | ||
|---|---|---|---|
| 003 | SGT | ||
| 020 | _a978-93-5260-194-3 | ||
| 082 |
_a621.3815 _bFRA |
||
| 100 | _aFRANCO,SERGIO | ||
| 245 | _aDESIGN WITH OPERATIONAL AMPLIFIERS AND ANALOG INTEGRATED CIRCUITS | ||
| 250 | _a4TH | ||
| 260 |
_aCHENNAI _bMC.GRAW HILL _c2016 |
||
| 300 | _a715 | ||
| 650 | _aECE | ||
| 942 |
_2ddc _cBK |
||
| 999 |
_c14129 _d14129 |
||